Marcatori della Francia agli Europei - Belgio-Paesi Bassi 2000 - Statistics

Statistiche generali
  • Questo quiz è stato fatto 4 volte
  • Il punteggio medio è 9 su 13
Statistiche sulle risposte
Partita Minuto Marcatore % Corretto
Francia - Danimarca 3-0 64' Thierry Henry
100%
Repubblica Ceca - Francia 1-2 7' Thierry Henry
100%
Francia - Portogallo 2-1 (d.t.s.) 51' Thierry Henry
100%
Spagna - Francia 1-2 32' Zinédine Zidane
100%
Francia - Portogallo 2-1 (d.t.s.) 117' Zinédine Zidane
100%
Francia - Paesi Bassi 2-3 31' David Trezeguet
75%
Francia - Italia 2-1 (d.t.s.) 103' David Trezeguet
75%
Francia - Danimarca 3-0 90' Sylvain Wiltord
75%
Francia - Italia 2-1 (d.t.s.) 94' Sylvain Wiltord
75%
Francia - Danimarca 3-0 16' Laurent Blanc
50%
Repubblica Ceca - Francia 1-2 60' Youri Djorkaeff
25%
Spagna - Francia 1-2 44' Youri Djorkaeff
25%
Francia - Paesi Bassi 2-3 8' Christophe Dugarry
0%
Nessun quiz corrispondente trovato
Distribuzione punteggi
Percentuale di utenti per punteggio
Percentile per numero di risposta
I tuoi punteggi nel tempo
Non hai fatto questo quiz